00930cam a22002295a 45000010005000000030008000050050017000130080041000300350018000710400027000890410008001160820021001241000021001452450144001662600185003103000028004955040054005236500043005776500028006207000031006487000021006791552BD-RjUL20211208233346.0131208s1995 bg b f000 0 eng  a(BD-RjUL)1577 aDLCcDLCbengdBD-RjUL aeng a362.82bISF 19951 aIslam, M. Nurul.10aFertility and reproductive health status of married adolescents in rural Bangladesh /cM. Nurul Islam, M. Mazharul Islam, Harun K.M. Yusuf. aDhaka :bPopulation, Development and Evaluation Unit, Implementation Monitoring, and Evaluation Division, Ministry of Planning, Govt. of the People's Republic of Bangladesh,c1995. a3, xx, 128 p. ;c28 cm. aIncludes bibliographical references (p. 124-128). 0aFamily Planning ServiceszBangladesh.  0aAdolescentzBangladesh.1 aIslam, M. Mazharul,cPh.D.1 aYusuf, Harun K M